| 000 | 01471nam a2200325 4500 | ||
|---|---|---|---|
| 003 | CO-CtgCURN | ||
| 005 | 20250329165439.0 | ||
| 008 | 160531s1997 000 0 eng d | ||
| 040 |
_aCO-CtgCURN _bspa _ccoctgcurn |
||
| 082 | 0 |
_aINQ 1997 _bD911 |
|
| 245 | 0 | 0 |
_aAsepsia en pacientes con trauma abdominal abierto / _cLaudys Duncan Montao ... [et al.] ; asesor, Lidia Quintero. |
| 260 |
_aCartagena de Indias : _bCorporación Universitaria Rafael Nuñez, _c1997. |
||
| 300 | _a67 h. | ||
| 336 | _2rdacontent | ||
| 337 |
_2rdamedia _asin mediacion _bn |
||
| 338 |
_2rdacarrier _avolumen _bnc |
||
| 500 | _aIncluye anexos. | ||
| 502 | _aTrabajo de grado (Instrumentador Quirurgico). Corporación Universitaria Rafael Nuñez. Facultad de Ciencias de la Salud. Programa de Instrumentación Quirúrgica, 1997. | ||
| 504 | _aIncluye bibliografia. | ||
| 590 | _aInstrumentación Quirúrgica | ||
| 650 | 0 |
_aInstrumentación Quirúrgica _vTesis y disertaciones academicas. |
|
| 700 | 1 | _aDuncan Montaño, Laudys. | |
| 700 | 1 | _aGuerrero Torres, Mirelia. | |
| 700 | 1 | _aJara Ortíz, Zaira. | |
| 700 | 1 | _aMoreno Atencia, Mercedes. | |
| 700 | 1 |
_aQuintero, Lidia, _easesor. |
|
| 856 | 7 |
_uhttps://unicurn.sharepoint.com/:b:/s/biblioteca/EXam4Oj6pJ1EuyLZE7uGlbABxIQ_hKT5djhNdZPasBEnZA?e=a5Tbhm _zClick aqui para ver el recurso en texto completo |
|
| 942 |
_hINQ 1997 _iD911 _2ddc _cTG |
||
| 999 |
_c4318 _d4318 |
||